[Event "Asian Continental (Women) op 20th"]
[Site "Almaty"]
[Date "2023.06.04"]
[Round "1"]
[White "Abaeva, Aiana"]
[Black "Gong, Qianyun"]
[Result "1-0"]
[WhiteElo "1712"]
[BlackElo "2257"]
[PlyCount "43"]
[EventDate "2023.06.04"]
[EventType "swiss"]
[EventRounds "9"]
[EventCountry "KAZ"]
[SourceTitle "CBM 214 Extra"]
[Source "ChessBase"]
[SourceDate "2023.07.31"]
[SourceVersion "1"]
[SourceVersionDate "2023.07.31"]
[SourceQuality "1"]

1. e4 e6 2. d4 d5 3. exd5 exd5 4. Bd3 Nf6 5. h3 c5 6. dxc5 Bxc5 7. Nf3 0-0 8. 0-0 Ne4 9. Nc3 f5 10. Bxe4 dxe4 11. Qxd8 Rxd8 12. Bg5 Rf8 13. Nd2 Be6 14. Nb3 Bb4 15. Rfd1 Bxc3 16. bxc3 Na6 17. Rd6 Rae8 18. Be3 b6 19. g3 Nc7 20. Nd4 Kh8 21. Rc6 Rf7 22. Bf4 1-0

[Event "KGZ-ch (Women)"]
[Site "Bishkek"]
[Date "2023.05.03"]
[Round "6"]
[White "Sezdbekova, Aizhan"]
[Black "Abaeva, Aiana"]
[Result "0-1"]
[WhiteElo "1622"]
[BlackElo "1662"]
[PlyCount "120"]
[EventDate "2023.04.28"]
[EventType "tourn"]
[EventRounds "11"]
[EventCountry "KGZ"]
[SourceTitle "CBM 214 Extra"]
[Source "ChessBase"]
[SourceDate "2023.07.31"]
[SourceVersion "1"]
[SourceVersionDate "2023.07.31"]
[SourceQuality "1"]

1. e4 e5 2. Nf3 Nc6 3. d4 exd4 4. Nxd4 Bc5 5. Nb3 Bb6 6. Nc3 d6 7. Qe2 Nd4 8. Nxd4 Bxd4 9. Be3 Bxe3 10. Qxe3 Nf6 11. f3 Qe7 12. 0-0-0 Be6 13. h3 Nd7 14. f4 Nb6 15. Qd4 0-0 16. f5 Bd7 17. g4 Rfe8 18. Bg2 Bc6 19. Rhf1 Qe5 20. Qd3 Qc5 21. b3 a5 22. a4 Nd7 23. Kb2 Qe5 24. Qd4 Nc5 25. Rfe1 Qxd4 26. Rxd4 Re5 27. Nd5 Bxd5 28. Rxd5 Rae8 29. Red1 b6 30. Rxe5 Rxe5 31. Rd4 Kf8 32. h4 h6 33. Bf3 Ke7 34. g5 hxg5 35. hxg5 g6 36. f6+ Kd8 37. Rd5 Ne6 38. Rxe5 dxe5 39. Kc3 Nxg5 40. Bg2 Nh7 41. Kc4 Nxf6 42. Kb5 Kd7 43. c4 Kc8 44. Kc6 g5 45. c5 bxc5 46. Kxc5 g4 47. Kb5 Nh5 48. Kxa5 Nf4 49. Bf1 g3 50. Kb5 g2 51. Bxg2 Nxg2 52. Kc6 Nf4 53. Kc5 Kb7 54. b4 Nd3+ 55. Kc4 Nf2 56. a5 f6 57. Kd5 c6+ 58. Kd6 Nxe4+ 59. Kd7 Nc3 60. Ke6 e4 0-1

[Event "Motiva Online Blitz (Women)"]
[Site "Chess.com INT"]
[Date "2021.12.18"]
[Round "11"]
[White "Abaeva, Aiana"]
[Black "Kalyaeva, Eleonora"]
[Result "0-1"]
[WhiteElo "1588"]
[BlackElo "1795"]
[PlyCount "44"]
[EventDate "2021.12.18"]
[EventType "swiss (blitz)"]
[EventRounds "13"]
[EventCountry "USA"]
[SourceTitle "CBM 205 Extra"]
[Source "ChessBase"]
[SourceDate "2022.01.31"]
[SourceVersion "1"]
[SourceVersionDate "2022.01.31"]
[SourceQuality "1"]

1. d4 d5 2. c4 c6 3. Nc3 e6 4. e3 Nf6 5. Bd2 Be7 6. Bd3 Nbd7 7. Nf3 b6 8. 0-0 0-0 9. Qc2 h6 10. cxd5 exd5 11. Rfe1 Re8 12. e4 dxe4 13. Nxe4 Bb7 14. Re2 Rc8 15. b4 Nd5 16. Nd6 Bxd6 17. Rxe8+ Qxe8 18. Bh7+ Kh8 19. Bf5 Nxb4 20. Bxb4 Bxb4 21. Re1 Bxe1 22. Nxe1 Qxe1# 0-1

[Event "Motiva Online Blitz (Women)"]
[Site "Chess.com INT"]
[Date "2021.12.18"]
[Round "1"]
[White "Shokirjonova, Barchinoy"]
[Black "Abaeva, Aiana"]
[Result "1-0"]
[WhiteElo "1662"]
[BlackElo "1588"]
[PlyCount "81"]
[EventDate "2021.12.18"]
[EventType "swiss (blitz)"]
[EventRounds "13"]
[EventCountry "USA"]
[SourceTitle "CBM 205 Extra"]
[Source "ChessBase"]
[SourceDate "2022.01.31"]
[SourceVersion "1"]
[SourceVersionDate "2022.01.31"]
[SourceQuality "1"]

1. d4 f5 2. Nf3 Nf6 3. g3 d5 4. Bg2 Nc6 5. 0-0 e6 6. Ne5 Nxe5 7. dxe5 Nd7 8. f4 Be7 9. c4 c6 10. Nc3 0-0 11. cxd5 cxd5 12. Be3 b6 13. Nxd5 Bb7 14. Nxe7+ Qxe7 15. Bxb7 Rab8 16. Bg2 Nc5 17. Bxc5 Qxc5+ 18. Kh1 Rbd8 19. Qb3 Rfe8 20. Rad1 h6 21. Rxd8 Rxd8 22. Qxe6+ Kh7 23. Qxf5+ Kg8 24. Be4 Qe7 25. e6 Qf6 26. Qxf6 gxf6 27. Bd5 Rxd5 28. e7 Kf7 29. Rc1 Kxe7 30. Rc7+ Kd6 31. Rxa7 Rd2 32. b3 Rxe2 33. Kg1 Kc5 34. Rc7+ Kd6 35. Rf7 Ke6 36. Rb7 Rxa2 37. Rxb6+ Kf5 38. b4 Ra1+ 39. Kg2 Rb1 40. Rb5+ Kg4 41. h3# 1-0

[Event "Eastern Asia-ch U12 Girls"]
[Site "Tornelo INT"]
[Date "2021.10.24"]
[Round "7"]
[White "Abaeva, Aiana"]
[Black "Liu, Tian Yi"]
[Result "0-1"]
[WhiteElo "1355"]
[BlackElo "1026"]
[PlyCount "86"]
[EventDate "2021.10.22"]
[EventType "swiss"]
[EventRounds "9"]
[EventCountry "NET"]
[SourceTitle "EXT 2023"]
[Source "ChessBase"]
[SourceDate "2022.10.05"]
[SourceVersion "1"]
[SourceVersionDate "2022.10.05"]
[SourceQuality "1"]

1. e4 c6 2. d4 d5 3. Nc3 dxe4 4. Nxe4 Bf5 5. Ng3 Bg6 6. Bc4 e6 7. N1e2 Nf6 8. 0-0 Bd6 9. Bf4 0-0 10. c3 Bc7 11. Qd2 Nbd7 12. Bxc7 Qxc7 13. f4 Rfe8 14. f5 exf5 15. Nxf5 Ne4 16. Qe1 Bxf5 17. Rxf5 Nd6 18. Qg3 Rac8 19. Rg5 Nxc4 20. Rxg7+ Kh8 21. Rxf7 Qxg3 22. Nxg3 Rcd8 23. b3 Nd6 24. Rf3 Kg8 25. h4 Rf8 26. Rd3 Rf4 27. h5 Re8 28. Rf1 Rxf1+ 29. Kxf1 Nf6 30. Rf3 Kf7 31. Nf5 Nxf5 32. Rxf5 Kg7 33. g4 Re4 34. Kf2 Rxg4 35. Re5 Kf7 36. Ra5 a6 37. Rf5 Rh4 38. Ke3 Rxh5 39. Rf1 Rh3+ 40. Kd2 Rg3 41. c4 h5 42. d5 cxd5 43. cxd5 Kg6 0-1

[Event "Eastern Asia-ch U12 Girls"]
[Site "Tornelo INT"]
[Date "2021.10.24"]
[Round "9"]
[White "Athira, AJ."]
[Black "Abaeva, Aiana"]
[Result "0-1"]
[WhiteElo "1107"]
[BlackElo "1355"]
[PlyCount "74"]
[EventDate "2021.10.22"]
[EventType "swiss"]
[EventRounds "9"]
[EventCountry "NET"]
[SourceTitle "EXT 2023"]
[Source "ChessBase"]
[SourceDate "2022.10.05"]
[SourceVersion "1"]
[SourceVersionDate "2022.10.05"]
[SourceQuality "1"]

1. d4 d5 2. Nf3 Nf6 3. g3 e6 4. Bg2 Be7 5. 0-0 0-0 6. Nbd2 c5 7. dxc5 Bxc5 8. b3 Nc6 9. Bb2 Qe7 10. c4 d4 11. Qc2 e5 12. a3 a5 13. Ne1 Re8 14. Ne4 Nxe4 15. Bxe4 g6 16. Nd3 Be6 17. Qd2 f5 18. Bxc6 bxc6 19. Nxe5 Qd6 20. Nf3 Rab8 21. Qc2 f4 22. Qd1 Bh3 23. Re1 fxg3 24. hxg3 d3 25. e3 Bg4 26. Kg2 Rf8 27. Be5 Bxf3+ 28. Qxf3 Qxe5 29. Qxc6 Rxb3 30. Rh1 Rxa3 31. Rab1 Qf5 32. f4 Ra2+ 33. Kf3 Re2 34. Rb5 Rxe3+ 35. Kg2 Qg4 36. Rxc5 Qxg3+ 37. Kf1 Re1# 0-1

[Event "Nizami Ganjavi 880 years U17"]
[Site "Tornelo INT"]
[Date "2021.04.04"]
[Round "7.8"]
[White "Abaeva, Aiana"]
[Black "Sekova, Olivia"]
[Result "1-0"]
[WhiteElo "1347"]
[BlackElo "1462"]
[PlyCount "169"]
[EventDate "2021.04.02"]
[EventType "team-swiss (blitz)"]
[EventRounds "9"]
[EventCountry "AZE"]
[SourceTitle "EXT 2023"]
[Source "ChessBase"]
[SourceDate "2022.10.05"]
[SourceVersion "1"]
[SourceVersionDate "2022.10.05"]
[SourceQuality "1"]
[WhiteTeam "Kyrgyzstan"]
[BlackTeam "Slovakia"]
[WhiteTeamCountry "KGZ"]
[BlackTeamCountry "SVK"]

1. e4 c5 2. Nf3 Nc6 3. d4 cxd4 4. Nxd4 g6 5. Nc3 Bg7 6. Be3 Nf6 7. f3 0-0 8. Qd2 Re8 9. 0-0-0 a6 10. g4 d6 11. h4 Nxd4 12. Bxd4 b5 13. Be3 Qa5 14. Bh6 Bh8 15. Kb1 Be6 16. h5 Rac8 17. hxg6 fxg6 18. a3 Nd7 19. Nd5 Qxd2 20. Rxd2 Nf6 21. Nxf6+ Bxf6 22. Be3 Kg7 23. g5 Be5 24. f4 Bxf4 25. Bxf4 Rf8 26. Be3 Rf3 27. Bd4+ Kg8 28. Rdh2 Rcf8 29. Be2 R3f7 30. Rg2 d5 31. e5 Rf4 32. Bc3 Bf5 33. Bd3 Be6 34. Bd2 Rf3 35. Rgg1 d4 36. Rf1 Bd5 37. Rxf3 Rxf3 38. Rf1 Rg3 39. Bb4 Rxg5 40. Bxe7 Rxe5 41. Bc5 Rg5 42. Bxd4 Rg4 43. Bc5 Bf7 44. b3 Kg7 45. Kb2 h5 46. Rh1 h4 47. Bf2 g5 48. Be2 Rf4 49. Be1 Bd5 50. Bc3+ Kg6 51. Bd3+ Kh5 52. Be2+ Kg6 53. Rg1 Rf2 54. Bd1 h3 55. Be1 Rf4 56. Bg3 Rf7 57. Bh2 Rf2 58. Bg3 Rf7 59. Be2 Re7 60. Bg4 Rh7 61. Bh2 Be4 62. Rg3 Bf5 63. Bxf5+ Kxf5 64. a4 g4 65. axb5 axb5 66. c4 bxc4 67. bxc4 Rb7+ 68. Kc2 Rb4 69. Kc3 Rb1 70. Bg1 Rxg1 71. Rxg1 h2 72. Rh1 g3 73. c5 g2 74. Rxh2 g1Q 75. Rh5+ Kg6 76. Rd5 Qg3+ 77. Kc4 Qf4+ 78. Kb5 Qb8+ 79. Kc4 Qg8 80. c6 Qe6 81. Kc5 Qe3+ 82. Kd6 Kf6 83. c7 Qe7+ 84. Kc6 Qe6+ 85. Rd6 1-0

[Event "Nizami Ganjavi 880 years U17"]
[Site "Tornelo INT"]
[Date "2021.04.03"]
[Round "5.4"]
[White "Abaeva, Aiana"]
[Black "Budagova, Leyla"]
[Result "0-1"]
[WhiteElo "1347"]
[BlackElo "1437"]
[PlyCount "40"]
[EventDate "2021.04.02"]
[EventType "team-swiss (blitz)"]
[EventRounds "9"]
[EventCountry "AZE"]
[SourceTitle "EXT 2023"]
[Source "ChessBase"]
[SourceDate "2022.10.05"]
[SourceVersion "1"]
[SourceVersionDate "2022.10.05"]
[SourceQuality "1"]
[WhiteTeam "Kyrgyzstan"]
[BlackTeam "Azerbaijan III"]
[WhiteTeamCountry "KGZ"]
[BlackTeamCountry "AZE"]

1. e4 c5 2. Nf3 Nc6 3. d4 cxd4 4. Nxd4 Nf6 5. Nc3 e5 6. Ndb5 d6 7. Bg5 a6 8. Na3 b5 9. Nd5 Be7 10. Nxe7 Nxe7 11. Bxf6 gxf6 12. c3 Bb7 13. Bd3 d5 14. Qe2 Ng6 15. g3 Rc8 16. 0-0 0-0 17. Nc2 Qd7 18. Rad1 Qe6 19. exd5 Qxd5 20. Ne3 Qh1# 0-1

[Event "Nizami Ganjavi 880 years U17"]
[Site "Tornelo INT"]
[Date "2021.04.02"]
[Round "1.4"]
[White "Abaeva, Aiana"]
[Black "Abdinova, Narmin"]
[Result "1/2-1/2"]
[WhiteElo "1347"]
[BlackElo "1621"]
[PlyCount "123"]
[EventDate "2021.04.02"]
[EventType "team-swiss (blitz)"]
[EventRounds "9"]
[EventCountry "AZE"]
[SourceTitle "EXT 2023"]
[Source "ChessBase"]
[SourceDate "2022.10.05"]
[SourceVersion "1"]
[SourceVersionDate "2022.10.05"]
[SourceQuality "1"]
[WhiteTeam "Kyrgyzstan"]
[BlackTeam "Azerbaijan"]
[WhiteTeamCountry "KGZ"]
[BlackTeamCountry "AZE"]

1. e4 c6 2. d4 d5 3. Nc3 dxe4 4. Nxe4 Bf5 5. Ng3 Bg6 6. h4 h6 7. Nf3 Nd7 8. Bd3 Bxd3 9. Qxd3 Ngf6 10. Bd2 e6 11. 0-0-0 Qc7 12. Kb1 0-0-0 13. Ne4 Nxe4 14. Qxe4 Nf6 15. Qe2 Bd6 16. g3 Kb8 17. c4 c5 18. dxc5 Qxc5 19. Bc3 Ka8 20. Bd4 Qf5+ 21. Ka1 Rhe8 22. Ne5 Bxe5 23. Bxe5 Qe4 24. Qxe4 Nxe4 25. f3 Nf2 26. Rxd8+ Rxd8 27. Rf1 f6 28. Bc3 Nd1 29. Re1 e5 30. a3 Nxc3 31. bxc3 a6 32. Re3 Rd1+ 33. Kb2 Rg1 34. g4 Rg2+ 35. Kb3 Rh2 36. h5 Rd2 37. a4 Kb8 38. Kb4 Kc7 39. Kc5 b6+ 40. Kb4 Kc6 41. Re4 Rb2+ 42. Ka3 Rf2 43. Re3 Kc5 44. Kb3 Rf1 45. Rd3 Rb1+ 46. Kc2 Kxc4 47. Rd7 Rf1 48. Rxg7 Rf2+ 49. Kc1 Kxc3 50. Rc7+ Kd3 51. Rh7 Rxf3 52. Rxh6 Kc3 53. Kd1 e4 54. Ke2 Rg3 55. Rxf6 Rxg4 56. Rxb6 Rh4 57. Rxa6 Rxh5 58. Ke3 Re5 59. Rf6 Kb4 60. Rf4 Kxa4 61. Rxe4+ Rxe4+ 62. Kxe4 1/2-1/2

[Event "KGZ-ch FL (Women)"]
[Site "Bishkek"]
[Date "2021.02.09"]
[Round "7"]
[White "Orozbekova, Aiiza"]
[Black "Abaeva, Aiana"]
[Result "1-0"]
[WhiteElo "1385"]
[BlackElo "1116"]
[PlyCount "73"]
[EventDate "2021.02.03"]
[EventType "swiss"]
[EventRounds "7"]
[EventCountry "KGZ"]
[SourceTitle "EXT 2022"]
[Source "ChessBase"]
[SourceDate "2021.10.06"]
[SourceVersion "1"]
[SourceVersionDate "2021.10.06"]
[SourceQuality "1"]

1. e4 c5 2. Nf3 d6 3. d4 cxd4 4. Nxd4 Nf6 5. Nc3 a6 6. f4 e6 7. Be2 Qc7 8. Be3 Be7 9. 0-0 0-0 10. Bf3 Nc6 11. Qd2 Nxd4 12. Bxd4 e5 13. fxe5 dxe5 14. Be3 Be6 15. Qf2 b5 16. Rad1 Rac8 17. Bb6 Bc5 18. Bxc7 Bxf2+ 19. Rxf2 Rxc7 20. a3 Rc6 21. Rfd2 g6 22. Ne2 Rfc8 23. Rd8+ Rxd8 24. Rxd8+ Kg7 25. Rd2 Nd7 26. Nc1 Nb6 27. b3 a5 28. Be2 b4 29. axb4 axb4 30. Na2 Nd7 31. Nxb4 Rb6 32. Nd5 Rb7 33. Kf2 Nc5 34. Ke3 Rd7 35. Bc4 h5 36. b4 Na4 37. Bb3 1-0

[Event "Asia Nations online Cup (Women) final"]
[Site "Chess.com INT"]
[Date "2020.10.23"]
[Round "1.4"]
[White "Abaeva, Aiana"]
[Black "Nandhidhaa, PV."]
[Result "0-1"]
[WhiteElo "1116"]
[BlackElo "2365"]
[PlyCount "62"]
[EventDate "2020.10.23"]
[EventType "team-k.o. (rapid)"]
[EventRounds "6"]
[EventCountry "IND"]
[SourceTitle "CBM 199 Extra"]
[Source "ChessBase"]
[SourceDate "2021.01.31"]
[SourceVersion "1"]
[SourceVersionDate "2021.01.31"]
[SourceQuality "1"]
[WhiteTeam "Kyrgyzstan (W)"]
[BlackTeam "India (W)"]
[WhiteTeamCountry "KGZ"]
[BlackTeamCountry "IND"]

1. e4 c5 2. Nf3 e6 3. d4 cxd4 4. Nxd4 a6 5. c4 Nf6 6. Nc3 Qc7 7. Be2 b6 8. 0-0 Bb7 9. Bd3 Be7 10. f4 d6 11. Qf3 Nbd7 12. Qg3 Nc5 13. Bc2 Ncxe4 14. Nxe4 Bxe4 15. Bxe4 Nxe4 16. Qxg7 Bf6 17. Nxe6 Qe7 18. Qg4 fxe6 19. Qf3 Bd4+ 20. Kh1 Qb7 21. Qh5+ Qf7 22. Qf3 d5 23. Re1 Nf2+ 24. Kg1 Nd3+ 25. Kh1 Nxe1 26. Qe2 Nxg2 27. cxd5 Rg8 28. dxe6 Qb7 29. Qh5+ Kd8 30. Qf7 Nxf4+ 31. Qxb7 Rg1# 0-1

[Event "Asia Nations online Cup (Women)"]
[Site "Chess.com INT"]
[Date "2020.10.19"]
[Round "7.5"]
[White "Ranasinghe, Sachini D"]
[Black "Abaeva, Aiana"]
[Result "1-0"]
[WhiteElo "1723"]
[BlackElo "1116"]
[PlyCount "85"]
[EventDate "2020.10.11"]
[EventType "team-swiss (rapid)"]
[EventRounds "9"]
[EventCountry "IND"]
[SourceTitle "CBM 198 Extra"]
[Source "ChessBase"]
[SourceDate "2020.11.30"]
[SourceVersion "1"]
[SourceVersionDate "2020.11.30"]
[SourceQuality "1"]
[WhiteTeam "Sri Lanka (W)"]
[BlackTeam "Kyrgyzstan (W)"]
[WhiteTeamCountry "SRI"]
[BlackTeamCountry "KGZ"]

1. Nf3 d5 2. c4 e6 3. e3 Nf6 4. b3 Be7 5. Bb2 0-0 6. Be2 Nbd7 7. 0-0 c5 8. Nc3 b6 9. cxd5 exd5 10. d4 Bb7 11. Rc1 Rc8 12. Ne5 a6 13. Bf3 Qc7 14. Nxd7 Qxd7 15. dxc5 bxc5 16. Na4 Qe6 17. Bxf6 Qxf6 18. Bxd5 Rfd8 19. e4 Bxd5 20. exd5 Qg5 21. Qf3 Rxd5 22. Nb6 Rf5 23. Qb7 Rf8 24. Rce1 Bd6 25. g3 Qh6 26. Nc4 Rh5 27. Nxd6 Qxd6 28. Rd1 Qh6 29. h4 Qg6 30. Kh2 Qg4 31. Qe7 g5 32. f3 Qb4 33. Rd5 Kh8 34. Qf6+ Kg8 35. Rxg5+ Rxg5 36. Qxg5+ Kh8 37. Qf6+ Kg8 38. Rd1 Qa3 39. Rd5 Qxa2+ 40. Kh3 Ra8 41. Rg5+ Kf8 42. Qd6+ Ke8 43. Rg8# 1-0